| 000 -ლიდერი |
| ფიქსირებული სიგრძის საკონტროლო ველი |
01895nam a22002297a 4500 |
| 003 - საკონტროლო ნომრის იდენტიფიკატორი |
| საკონტროლო ველი |
Ge_BSU |
| 005 - ბოლო ოპერაციის თარიღი და დრო |
| საკონტროლო ველი |
20221221104241.0 |
| 008 - ფიქსირებული სიგრძის მონაცემთა ელემენტები - ზოგადი ინფორმაცია |
| ფიქსირებული სიგრძის საკონტროლო ველი |
220121s2021 ge ||||| |||| 00| 0 geo d |
| 041 ## - ენის კოდი |
| Language code of text/sound track or separate title |
geo |
| 080 ## - უნივერსალური ათობითი კლასიფიკაციის ინდექსი |
| Universal Decimal Classification number |
94 მ-45 |
| 100 ## - მთავარი ჩანაწერი - პიროვნების სახელი |
| Personal name |
მგელაძე, ბექა |
| 9 (RLIN) |
13427 |
| 245 ## - ცნობა სათაურის შესახებ |
| Title |
ხალხური მმართველობისა და ჩვეულებითი სამართლის ისტორია განვითარებული და გვიანი შუასაუკუნეების სამხრეთ-დასავლეთ საქართველოში : |
| Remainder of title |
დისერტაცია / |
| Statement of responsibility, etc |
ბექა მგელაძე; სამეცნიერო ხელმძღვანელი ოთარ გოგოლიშვილი, მანუჩარ ლორია; ბსუ. ჰუმანიტარულ მეცნიერებათა ფაკულტეტი. ისტორიის, არქეოლოგიისა და ეთნოლოგიის დეპარტამენტი. |
| 264 ## - წარმოების, გამოცემის, დისტრიბუციის და სხვა ცნობები |
| გამოცემის, წარმოების, დისტრიბუციის... ადგილი |
ბათუმი, |
| გამოცემის, წარმოების, დისტრიბუციის... თარიღი |
2021. |
| 300 ## - ფიზიკური აღწერა |
| Extent |
370 გვ.; |
| Other physical details |
30 სმ. |
| 504 ## - BIBLIOGRAPHY, ETC. NOTE |
| Bibliography, etc |
ბიბლიოგრ. გვ. 324-370 |
| 653 ## - INDEX TERM--UNCONTROLLED |
| Uncontrolled term |
ისტორია |
| 653 ## - INDEX TERM--UNCONTROLLED |
| Uncontrolled term |
დისერტაცია |
| 700 ## - ADDED ENTRY--PERSONAL NAME |
| Personal name |
გოგოლიშვილი, ოთარ |
| Relator term |
სამეცნიერო ხელმძღვანელი |
| 9 (RLIN) |
13428 |
| 700 ## - ADDED ENTRY--PERSONAL NAME |
| Personal name |
ლორია, მანუჩარ |
| Relator term |
სამეცნიერო ხელმძღვანელი |
| 9 (RLIN) |
2194 |
| 710 ## - ADDED ENTRY--CORPORATE NAME |
| Corporate name or jurisdiction name as entry element |
ბსუ. |
| Subordinate unit |
ჰუმანიტარულ მეცნიერებათა ფაკულტეტი. ისტორიის, არქეოლოგიისა და ეთნოლოგიის დეპარტამენტი |
| 9 (RLIN) |
13429 |
| 942 ## - ADDED ENTRY ELEMENTS (KOHA) |
| Source of classification or shelving scheme |
|
| Koha item type |
დისერტაცია |